000 00306nam a22001337a 4500
003 SGT
082 _a340,SWA
100 _aSAMAY,MAHESHWARA .
245 _aLAND LAWS UNDER THE CONSTITUTION OF INDIA
260 _aHYDERABAD
_bASIA LAW HOUSE
_c2006
300 _a472
650 _aLAW BOOKS
942 _2ddc
_cBK
999 _c10281
_d10281